Piłkarze FC Barcelony w latach 2012-2022. - Statystyki

Ogólne statystyki
  • Ten quiz został rozwiązany 1 090 razy
  • Średni wynik to 16 z 71
Statystyki odpowiedzi
Piłkarz % Poprawnych
Messi
96%
Suarez
78%
ter Stegen
75%
Iniesta
72%
Xavi
72%
Pedri
56%
Neymar Jr
55%
Gavi
54%
Busquets
51%
Jordi Alba
50%
Valdes
50%
Dani Alves
44%
Dembele
43%
de Jong
42%
de Jong
42%
Gerard Pique
40%
Rakitic
35%
Roberto
34%
Araujo
33%
Pedro
30%
Bravo
29%
Umtiti
29%
Carles Puyol
28%
Ansu Fati
26%
Griezman
26%
Coutinho
25%
Lenglet
24%
David Villa
22%
Neto
22%
Aubameyang
21%
Depay
21%
Javier Mascherano
17%
Dest
16%
Arthur
15%
Alexis Sanchez
14%
Cillessen
13%
Semedo
12%
Adama Traore
10%
Braithwaite
10%
Cesc Fabregas
10%
Eric Abidal
10%
Eric Garcia
10%
Mathieu
10%
Pjanic
9%
Puig
9%
Rafinha
9%
Thiago
9%
Mingueza
8%
Nico
8%
Adriano
7%
Song
7%
Turan
7%
Andre Gomes
6%
Bartra
6%
Bojan Krkic
6%
Digne
6%
Malcom
6%
Montoya
6%
Tello
6%
Aleix Vidal
5%
Firpo
5%
Trincao
5%
Alena
4%
Paco Alcacer
4%
Deulofeu
3%
Moriba
3%
Todibo
3%
Jose Manuel Pinto
2%
Jordi Masip
1%
Kevin Boateng
1%
Manaj
0%
Nie znaleziono quizów pasujących do podanych kryteriów
Rozkład punktacji
Procent ludzi z każdym wynikiem
Percentyl według liczby udzielonych odpowiedzi
Twoja historia wyników
Nie rozwiązałeś tego quizu